000 00528nam a22001697a 4500
999 _c9144
_d9144
008 210325b ||||| |||| 00| 0 eng d
040 _aBMS College of Architecture
100 _aRoche, Maria, Pramitha
245 _aKala sangam -Art and culture centre Magalore
300 _a43p.
500 _a1BM05AT030
502 _8B.Arch
_NBMS College of Architecture, Visvesvaraya Technological University
_aProject report
_d2010
650 _aMangalore
700 _aK Manjula
_eGuide
700 _aPushpa D
_eGuide
942 _2ddc
_cTHE